000 00460nam a22001217a 4500
999 _c18835
_d18835
008 210223b xxu||||| |||| 00| 0 eng d
050 _aGMHR0214
_b.M88 2019 c.1
100 _aMuthembwa, Mwikali
245 _aEffect of managers' emotional intelligence on performance of small and micro-enterprises in Nakuru East sub-county, Kenya
_cMwikali Muthembwa
260 _aKabarak, Nakuru, Kenya
_bKabarak University
_c2019
300 _a76 leaves
942 _2lcc
_cTHE